| 000 | 00560nam a2200181Ia 4500 | ||
|---|---|---|---|
| 008 | 151202s9999||||xx |||||||||||||| ||und|| | ||
| 082 | _bPNVM-74421 | ||
| 100 | _aनवरे शं.ना. | ||
| 245 | _aशहाणी सकाळ. | ||
| 260 | _b"नवचैतन्य प्रकाशन,बोरोवली." | ||
| 260 | _c74421 | ||
| 300 | _a240 | ||
| 600 | _aनवरे शं.ना. | ||
| 630 | _aशहाणी सकाळ. | ||
| 700 | _aनवरे शं.ना. | ||
| 730 | _aशहाणी सकाळ. | ||
| 942 | _cBOOK | ||
| 999 |
_c1341082 _d1341079 |
||